ادبی تحقیق : (Record no. 108385)

MARC details
000 -LEADER
fixed length control field 00888nam a22002537a 4500
005 - DATE AND TIME OF LATEST TRANSACTION
control field 20170123162339.0
010 ## - LIBRARY OF CONGRESS CONTROL NUMBER
LC control number 940941
020 ## - INTERNATIONAL STANDARD BOOK NUMBER
Terms of availability 25.00
035 ## - SYSTEM CONTROL NUMBER
System control number 940941
037 ## - SOURCE OF ACQUISITION
Source of stock number/acquisition Cen Lib/Ret
040 ## - CATALOGING SOURCE
Original cataloging agency DPL
Language of cataloging UR
082 ## - DEWEY DECIMAL CLASSIFICATION NUMBER
Classification number 801.9
Item number ر ش ی
100 ## - MAIN ENTRY--PERSONAL NAME
Personal name رشید حسن خان
9 (RLIN) 506
245 ## - TITLE STATEMENT
Title ادبی تحقیق :
Statement of responsibility, etc رشید حسن خان
Remainder of title مسائل اور تجزیہ /
246 ## - VARYING FORM OF TITLE
Title proper/short title Adabi tahqeeq : masail aur tajzeez /
Remainder of title by Rasheed Hasan Khan
260 ## - PUBLICATION, DISTRIBUTION, ETC. (IMPRINT)
Place of publication, distribution, etc علیگڑھ
Name of publisher, distributor, etc ایجوکیشنل بک ہوس
Date of publication, distribution, etc 1978
270 ## - ADDRESS
City علیگڑھ
Address مسلم یونیورسٹی مارکیٹ
Postal code 202001
300 ## - PHYSICAL DESCRIPTION
Extent 352p.
Dimensions 21cm(Hb)
650 ## - SUBJECT ADDED ENTRY--TOPICAL TERM
Topical term or geographic name as entry element ادب - اردو
9 (RLIN) 126311
650 ## - SUBJECT ADDED ENTRY--TOPICAL TERM
Topical term or geographic name as entry element اردو ادبی تحقیق
9 (RLIN) 482
650 ## - SUBJECT ADDED ENTRY--TOPICAL TERM
Topical term or geographic name as entry element Literature -- Urdu
9 (RLIN) 126312
650 ## - SUBJECT ADDED ENTRY--TOPICAL TERM
Topical term or geographic name as entry element Urdu Literature Research
9 (RLIN) 126313
942 ## - ADDED ENTRY ELEMENTS (KOHA)
Source of classification or shelving scheme Dewey Decimal Classification
Koha item type Urdu Bks
Classification part 801.9
Call number suffix ر ش ی
Holdings
Withdrawn status Lost status Damaged status Not for loan Home library Current library Date acquired Source of acquisition Cost, normal purchase price Total Checkouts Full call number Barcode Date last seen Copy number Cost, replacement price Price effective from Koha item type
        Central Library Central Library 20/01/2016 Cen Lib/Ret 25.00   801.9 ر ش ی 940941 20/01/2016 1 25.00 20/01/2016 Urdu Bks

© Delhi Public Library
Hit Counter
free hit counter